Изучение термодинамической характеристики инициирования реакции СВ-синтеза диборида титана; Высокие технологии в современной науке и технике

Bibliografiset tiedot
Parent link:Высокие технологии в современной науке и технике.— 2014.— [С. 294-296]
Päätekijä: Чурсин С. С. Станислав Сергеевич
Yhteisötekijä: Национальный исследовательский Томский политехнический университет (ТПУ) Физико-технический институт (ФТИ) Кафедра физико-энергетических установок (№ 21) (ФЭУ)
Yhteenveto:Заглавие с титульного экрана
Kieli:venäjä
Julkaistu: 2014
Sarja:Химия. Химические технологии
Aiheet:
Linkit:http://earchive.tpu.ru/handle/11683/21106
http://www.lib.tpu.ru/fulltext/c/2014/C17/085.pdf
Aineistotyyppi: Elektroninen Kirjan osa
KOHA link:https://koha.lib.tpu.ru/cgi-bin/koha/opac-detail.pl?biblionumber=605643

MARC

LEADER 00000naa2a2200000 4500
001 605643
005 20231101132349.0
035 |a (RuTPU)RU\TPU\conf\2955 
035 |a RU\TPU\conf\2936 
090 |a 605643 
100 |a 20140423d2014 k y0rusy50 ca 
101 0 |a rus 
102 |a RU 
105 |a y z 101zy 
135 |a drnn ---uucaa 
181 0 |a i  
182 0 |a b 
200 1 |a Изучение термодинамической характеристики инициирования реакции СВ-синтеза диборида титана  |f С. С. Чурсин 
203 |a Текст  |c электронный 
225 1 |a Химия. Химические технологии 
230 |a 1 компьютерный файл (pdf; 445 Кб) 
300 |a Заглавие с титульного экрана 
320 |a [Библиогр.: с. 296 (2 назв.)] 
337 |a Adobe Reader 
463 0 |0 (RuTPU)RU\TPU\conf\2834  |t Высокие технологии в современной науке и технике  |o сборник научных трудов III Международной научно-технической конференции молодых ученых, аспирантов и студентов, г. Томск, 26-28 марта 2014 г.  |f Национальный исследовательский Томский политехнический университет (ТПУ)  |v [С. 294-296]  |d 2014 
610 1 |a труды учёных ТПУ 
610 1 |a электронный ресурс 
610 1 |a термодинамические характеристики 
610 1 |a инициирование 
610 1 |a синтез 
610 1 |a диборид титана 
610 1 |a самораспространяющийся высокотемпературный синтез 
700 1 |a Чурсин  |b С. С.  |c физик-ядерщик  |c лаборант Томского политехнического университета  |g Станислав Сергеевич  |2 stltpush  |3 (RuTPU)RU\TPU\pers\30542 
712 0 2 |a Национальный исследовательский Томский политехнический университет (ТПУ)  |b Физико-технический институт (ФТИ)  |b Кафедра физико-энергетических установок (№ 21) (ФЭУ)  |h 48  |2 stltpush  |3 (RuTPU)RU\TPU\col\18730 
801 2 |a RU  |b 63413507  |c 20210422  |g RCR 
856 4 |u http://earchive.tpu.ru/handle/11683/21106 
856 4 |u http://www.lib.tpu.ru/fulltext/c/2014/C17/085.pdf 
942 |c BK